GMC Car Models Worldwide 2024-25 - Statistics

General Stats
  • This quiz has been taken 282 times
    182 since last reset
  • The average score is 27 of 35
Answer Stats
Hint Answer % Correct
1/2 Ton Pickup Sierra 1500
87%
1/2 Ton Off-Road Pickup Sierra 1500 AT4
87%
1/2 Ton Off-Road Pickup Sierra 1500 AT4X
87%
1/2 Ton Luxury Pickup Sierra 1500 Denali
87%
1/2 Ton Luxury Pickup Sierra 1500 Denali Ultimate
87%
3/4 Ton Pickup Sierra 2500HD
87%
3/4 Ton Off-Road Pickup Sierra 2500 HD AT4
87%
3/4 Ton Luxury Pickup Sierra 2500HD Denali
87%
3/4 Ton Luxury Pickup Sierra 250HD Denali Ultimate
87%
1 Ton Pickup Sierra 3500HD
87%
1 Ton Off-Road Pickup Sierra 3500HD AT4
87%
1 Ton Luxury Pickup Sierra 3500HD Denali
87%
1 Ton Luxury Pickup Sierra 3500HD Denali Ultimate
87%
1/2 Ton Pickup EV Sierra EV
87%
Fullsize SUV Yukon
84%
Fullsize Off-Road SUV Yukon AT4
84%
Fullsize Luxury SUV Yukon Denali
84%
Fullsize Luxury SUV Yukon Denali Ultimate
84%
Fullsize SUV Yukon XL
84%
Fullsize Off-Road SUV Yukon XL AT4
84%
Fullsize Luxury SUV Yukon XL Denali
84%
Fullsize Luxury SUV Yukon XL Denali Ultimate
84%
Midsize Crossover Acadia
70%
Midsize 4x4 Crossover Acadia AT4
70%
Midsize Luxury Crossover Acadia Denali
70%
Compact Crossover Terrain
63%
Compact 4x4 Crossover Terrain AT4
63%
Compact Luxury Crossover Terrain Denali
63%
Midsize Pickup Canyon
59%
Midsize Off-Road Pickup Canyon AT4
59%
Midsize Off-Road Pickup Canyon AT4X
59%
Midsize Luxury Pickup Canyon Denali
59%
1/2 Ton Pickup EV Hummer EV
59%
Fullsize SUV EV Hummer EV SUV
59%
Commercial Van Savana
44%
No matching quizzes found
Score Distribution
Percent of People with Each Score
Percentile by Number Answered
Your Score History
You have not taken this quiz since the last reset